000 00560nam a2200205Ia 4500
008 180523s9999 xx 000 0 und d
020 _a978-81-8478-019-2
050 _aMAIN HF 5718
050 _b.A34 2008r
100 _aAggarawal, Rohini.
245 0 _aTaxmann's business communication and organisation & management /
245 0 _cRohini Aggarawal.
250 _a2nd Edition
260 _aNew Delhi :
260 _bTaxmann Allied Services,
260 _c2008r
300 _a437 pages :
300 _c24 cm.
650 _aBusiness communication.
999 _c357216
_d357216